Brasil sem trabalho infantil

Detalles Bibliográficos
Autor principal: Araj︢o Farias, James Magno
Otros Autores: Magalhês Arruda, Kt̀ia
Formato: eBook
Lenguaje:portugués
Publicado: San Pablo: LTR, 2019
Materias:
Acceso en línea:Acceso restringido

MARC

LEADER 00000nam a22000007a 4500
005 20220307115237.0
007 cr|||| ||||
008 220307s2019 br |||||s|||| 00||0 por d
020 |a 978-85-301-0129-9 
035 |a 36097 
040 |a vLex 
090 |c 13041  |d 13041 
100 1 |a Araj︢o Farias, James Magno 
245 1 0 |a Brasil sem trabalho infantil  |h [Recurso electrn̤ico] /  |c James Magno Araj︢o Farias, Kt̀ia Magalhês Arruda 
256 |a Servicio en ln̕ea 
260 |a San Pablo:  |b LTR,  |c 2019 
300 |a 1 recurso electrn̤ico 
506 1 |a Disponible solo en los productos indicados  |d vLex Global  |d vLex Global (Academic Edition, excluding Law Schools)  |d vLex Global (U.S. Academic Edition, Law Schools)  |d vLex Global (U.S. Academic Edition, excluding Law Schools)  |d vLex Global (Academic Edition, Law Schools) 
650 0 4 |a Derecho Laboral y Seguridad Social  |z Brasil 
700 1 |a Magalhês Arruda, Kt̀ia 
740 0 |a vLex Libros (Servicio en ln̕ea) 
856 4 0 |u https://app.vlex.com/#/sources/36097  |z Acceso restringido 
942 |c BOOK 
999 0 |a Labor law and social security